| 000 | 00586aam a2200241 4500 | ||
|---|---|---|---|
| 005 | 20260325183947.0 | ||
| 008 | 150717b1982 xxu||||| |||| 00| 0 spa d | ||
| 020 | _a8425412072 | ||
| 041 | _aESP | ||
| 082 | _a364.36 G643b2 | ||
| 100 |
_aGonzalez Gonzalez, Eugenio _914369 |
||
| 245 | _aBandas juveniles | ||
| 250 | _a2 edición | ||
| 260 | _aEspaña | ||
| 260 | _bHerder | ||
| 260 | _c1982 | ||
| 300 | _a273 páginas | ||
| 490 | _aInvestigación Criminal | ||
| 650 | _aDELINCUENCIA JUVENIL | ||
| 650 | _aPSICOLOGÍA CRIMINAL | ||
| 650 | _aBANDAS JUVENILES | ||
| 942 |
_cBK _2ddc |
||
| 999 |
_c66 _d66 |
||